Indian widows : (Record no. 17598)

MARC details
000 -LEADER
fixed length control field 00959nam a22002417a 4500
005 - DATE AND TIME OF LATEST TRANSACTION
control field 20081020164256.0
008 - FIXED-LENGTH DATA ELEMENTS--GENERAL INFORMATION
fixed length control field 081020t xxu||||| |||| 00| 0 eng d
010 ## - LIBRARY OF CONGRESS CONTROL NUMBER
LC control number ENG-84259
020 ## - INTERNATIONAL STANDARD BOOK NUMBER
International Standard Book Number 8171324509
020 ## - INTERNATIONAL STANDARD BOOK NUMBER
Terms of availability 375.00 (hb)
035 ## - SYSTEM CONTROL NUMBER
System control number EN-67792
082 ## - DEWEY DECIMAL CLASSIFICATION NUMBER
Classification number 305.48964
100 ## - MAIN ENTRY--PERSONAL NAME
Personal name Mehta, Manju
245 ## - TITLE STATEMENT
Title Indian widows :
Remainder of title coping syyles, mental health and personal adjustment /
Statement of responsibility, etc by Manju Mehta, Usha Kulshreshta and Rashmi Chowdhry
260 ## - PUBLICATION, DISTRIBUTION, ETC. (IMPRINT)
Place of publication, distribution, etc Jaipur
Name of publisher, distributor, etc Pointer Publishers
Place of manufacture 807, Vyas Building, Chaura Rasta, Jaipur-302003
Plate or publisher's number for music (Pre-AACR 2) [OBSOLETE, CAN/MARC], [LOCAL, USA] Ph 2578159
260 ## - PUBLICATION, DISTRIBUTION, ETC. (IMPRINT)
Date of publication, distribution, etc 2006
300 ## - PHYSICAL DESCRIPTION
Extent vi,135p
Dimensions 22cm
500 ## - GENERAL NOTE
General note Includes bibliographical references
700 ## - ADDED ENTRY--PERSONAL NAME
Personal name Chowdhry, Rashmi
Titles and other words associated with a name jt auth
700 ## - ADDED ENTRY--PERSONAL NAME
Personal name Kulshreshta, Usha
Titles and other words associated with a name jt auth
942 ## - ADDED ENTRY ELEMENTS (KOHA)
Source of classification or shelving scheme Dewey Decimal Classification
Koha item type English Books
Classification part 305.48964
Call number suffix MEH
Holdings
Withdrawn status Lost status Source of classification or shelving scheme Damaged status Not for loan Collection code Home library Current library Date acquired Cost, normal purchase price Total Checkouts Full call number Barcode Date last seen Copy number Cost, replacement price Price effective from Koha item type
    Dewey Decimal Classification   Not For Loan Non-fiction D.B.Act.Division D.B.Act.Division 28/02/2007 375.00   305.48964 MEH EN-67792 04/11/2008 1 375.00 04/11/2008 English Books

© Delhi Public Library
Hit Counter
free hit counter